MARC

LEADER 00000cam a2200000 7i4500
001 0000007328
005 20151222.0
008 070829
020 |a 9833298001(set) 
020 |a 9833298028 
090 0 0 |a G MAL 
100 0 |a Siti Mariam Elias 
245 1 0 |a Putrajaya   |c Siti Mariam Elias & Siti Zawiyah Zakaria 
260 |a Selangor :   |b Impiana Publications & Distributors ,   |c 2005 
500 |a Children ages 10-12 years old (pink) 
650 0 |a Public administration   |x Wilayah Persekutuan   |x Putrajaya   |x Juvenile 
650 0 |a Putrajaya (Wilayah Persekutuan)   |x History   |x Juvenile literature 
650 0 |a Putrajaya (Wilayah Persekutuan)   |x Juvenile literature 
700 0 |a Siti Zawiyah Zakaria 
999 |a 0000983553   |b Book   |c Children Collection   |e Perbadanan Perpustakaan Awam Johor 
999 |a 0000983554   |b Book   |c Children Collection   |e Cawangan Kota Tinggi 
999 |a 0000983555   |b Book   |c Children Collection   |e Cawangan Taman Sri Lambak 
999 |a 0000983556   |b Book   |c Children Collection   |e Perbadanan Perpustakaan Awam Johor 
999 |a 0000983557   |b Book   |c Children Collection   |e Cawangan Batu Pahat